| 000 | 00442nam a2200157Ia 4500 | ||
|---|---|---|---|
| 008 | 210210b1999 xxu||||| |||| 00| 0 eng d | ||
| 020 | _a0333 93161 0 | ||
| 082 | _a332.6 GART | ||
| 100 | _aGARDNER (D C), Ed. | ||
| 245 | _aTreasury management. (Financial distance learning workbooks). | ||
| 260 |
_aND _bMacmillan India Ltd. _c1999 |
||
| 300 | _a74 | ||
| 650 | _aTreasury management | ||
| 690 | _aInvestment Management | ||
| 906 | _a055083 | ||
| 999 |
_c102933 _d102933 |
||